| 000 -LEADER |
| fixed length control field |
00364nam a22001217a 4500 |
| 008 - FIXED-LENGTH DATA ELEMENTS--GENERAL INFORMATION |
| fixed length control field |
250509b ||||| |||| 00| 0 eng d |
| 020 ## - INTERNATIONAL STANDARD BOOK NUMBER |
| International Standard Book Number |
9781472331861 |
| 082 ## - DEWEY DECIMAL CLASSIFICATION NUMBER |
| Classification number |
823.914 FRE |
| 100 ## - MAIN ENTRY--PERSONAL NAME |
| Personal name |
FREEDMAN,CLAIRE |
| Relator term |
AUTHOR |
| 245 ## - TITLE STATEMENT |
| Title |
BLAME IT ON THE BIG BLUE PANDA |
| 260 ## - PUBLICATION, DISTRIBUTION, ETC. |
| Place of publication, distribution, etc. |
440 PARK AVENUE SOUTH,13TH FLOOR,NEW YORK,NY 10016 |
| Name of publisher, distributor, etc. |
PARRAGON BOOKS LTD |
| Date of publication, distribution, etc. |
2013 |
| 942 ## - ADDED ENTRY ELEMENTS (KOHA) |
| Source of classification or shelving scheme |
|